27 poemas: lengua en blues

Salvato in:
Dettagli Bibliografici
Autore principale: Cereño, Gabriel (Autore)
Altri autori: Muñoz Arriagada, Sergio (autor)
Natura: Libro
Lingua:spagnolo
Pubblicazione: Valparaíso Imprenta Herrera 2002
Edizione:1a. ed
Soggetti:
Tags: Aggiungi Tag
Nessun Tag, puoi essere il primo ad aggiungerne!!

MARC

LEADER 00000cam a2200000 a 4500
001 UCF4983
003 CL-VaPUC
008 130110e20021100CL |||||||||||||||||spa|d
020 |a 9562914844 
082 0 4 |a Ch861  |b CER  |2 21 
100 0 |a Cereño, Gabriel  |e author  |9 566710 
700 |a Muñoz Arriagada, Sergio  |e autor  |9 566711 
245 1 0 |a 27 poemas: lengua en blues 
250 |a 1a. ed 
300 |a 56 p 
942 |c BK 
945 |d 20130110 00:00:00  |a dcastane 
260 |a Valparaíso  |b Imprenta Herrera  |c 2002 
650 0 |a Poesías chilenas   |9 265280 
650 0 |a Literatura chilena   |9 308278 
583 |a last modification  |c 20180102 05:20:29  |k Rodrigo Vera 
999 |c 350641  |d 350639 
952 |0 0  |1 0  |3 erb  |4 0  |6 CH_861_000000000000000_CER_2002  |7 0  |8 A  |9 454188  |a BIBEDU  |b BIBEDU  |c ES_NOD  |i 5336422  |o Ch861 CER 2002  |p 5336422  |r 2023-08-09  |w 2019-11-22  |y BK  |z Catalogado en:20160807  |k EPE